00479nam a2200205Ia 450000500170000000800460001702000180006303700100008104000080009104000080009904000080010704100080011504100080012308400080013124500260013926000300016526000090019565000200020485600490022420260306150700.0008 260114s9999 xx 000 0 eng d a9780814753439 aEbook aCRL beng cCRL 2eng aeng qCRL 0aUrban Girls Revisited bNew York University Press c2007 aSocial Sciences uhttps://www.degruyter.com/isbn/9780814753439